000 00861nam a2200277Ia 4500
001 Z_3778
003 CHAP
008 220113s1981 xx 000 0 und d
010 _a163607
040 _cCHAP
090 _aR-92
100 _aRuíz, M E
_9137771
245 _aEfecto del período de amamantamiento con calostro sobre el comportamiento de terneros de lechería /
_cpor M E Ruíz, E. Pérez y R. Medina
260 _aTurrialba, Costa Rica :
_bCATIE,
_c1981
300 _a6 p.
500 _aReimpreso de : Turrialba vol. 31 no. 1 1981
650 _aBecerros
_xNutrición
_911184
650 _aIndustria lechera
_xDesperdicios I. Pérez, E. II. Medina, R. III. t.
_9137772
650 _aLeche en alimentación animal
_9137773
901 _aR-92
902 _aM
910 _a1981
942 _cc14
942 _cc14
999 _c163607
_d163607